| 000 | 01422nam a22002537a 4500 | ||
|---|---|---|---|
| 999 |
_c62184 _d62184 |
||
| 003 | Ge_BSU | ||
| 005 | 20240730111905.0 | ||
| 008 | 240730s2024 ge ||||| |||| 00| 0 geo d | ||
| 020 | _a9789941966279 | ||
| 041 | _ageo | ||
| 080 | _a338.47:656 ს-85 | ||
| 100 |
_aსტოპფორდი, მარტინ _eავტორი _922996 |
||
| 245 |
_aსაზღვაო ეკონომიკა / _cმარტინ სტოპფორდი, მთარგმნ.მედეა აბაშიძე, ზურაბ ბეჟანოვი, სოფიო დუმბაძე და სხვ. |
||
| 250 | _aმე-3 გამოცემა (შემოკლებული თარგმანი) | ||
| 264 |
_aთბილისი : _bდანი, _c2024. |
||
| 300 |
_a368 გვ.: _b24 სმ. |
||
| 653 | _aსაზღვაო ეკონომიკა | ||
| 700 |
_aაბაშიძე, მედეა _eმთარგმნელი _911368 |
||
| 700 |
_aბეჟანოვი, ზურაბ _eმთარგმნელი _922997 |
||
| 700 |
_aდუმბაძე, სოფიო _eმთარგმნელი _922998 |
||
| 710 |
_aქართული გამოცემა ბათუმის სახელმწიფო საზღვაო აკადემია _922999 |
||
| 773 | _tნაჩუქარი | ||
| 942 |
_2udc _cᲬᲘᲒᲜᲘ |
||